[Event "BL 8990 Porz-HSK"]
[Site "?"]
[Date "1990.??.??"]
[Round "?.6"]
[White "Schoen, W."]
[Black "Mueller, Ka"]
[Result "0-1"]
[WhiteElo "2360"]
[BlackElo "2365"]
[PlyCount "148"]
[EventDate "1990.??.??"]

1. d4 d5 2. c4 e6 3. Nc3 c6 4. Nf3 Nf6 5. Bg5 dxc4 6. e4 b5 7. e5 h6 8. Bh4 g5
9. Nxg5 hxg5 10. Bxg5 Nbd7 11. g3 Rg8 12. h4 Rxg5 13. hxg5 Nd5 14. g6 fxg6 15.
Rh7 Be7 16. Bh3 Nf8 17. Rg7 Nxc3 18. bxc3 Qd5 19. Qg4 Qh1+ 20. Bf1 Qh6 21. Qf3
Qxg7 22. Qxc6+ Kd8 23. Qxa8 Ba3 24. Rb1 a6 25. Bg2 g5 26. Kf1 Qc7 27. Rd1 Ke7
28. Qf3 Ke8 29. d5 exd5 30. Rxd5 g4 31. Qf6 Be6 32. Rd1 Be7 33. Qh6 Qxe5 34.
Bc6+ Kf7 35. Rd4 Bg5 36. Qh5+ Kg7 37. a3 Bf6 38. Qe8 Bf5 39. Qa8 Qe6 40. Rf4
Be5 41. Qb7+ Kg6 42. Bd5 Qf6 43. Bf7+ Qxf7 44. Qxf7+ Kxf7 45. Rxf5+ Bf6 46. a4
Ke6 47. Rc5 Nd7 48. Rc6+ Kd5 49. Rxa6 bxa4 50. Rxa4 Bxc3 51. Ke2 Ne5 52. Ra8
Bd4 53. Rd8+ Kc5 54. Rc8+ Kb4 55. Rb8+ Kc3 56. Rd8 Ba7 57. Ra8 Bc5 58. Rc8 Kd4
59. Rd8+ Ke4 60. Rc8 Ba3 61. Ra8 Bb2 62. Rb8 Ba3 63. Ra8 Bb2 64. Rb8 c3 65. Rc8
Nf3 66. Re8+ Kd4 67. Rc8 Ba3 68. Rc7 Bc5 69. Kd1 Kc4 70. Kc2 Nd4+ 71. Kd1 Kd5
72. Rb7 Ba3 73. Rd7+ Kc4 74. Rc7+ Kd3 0-1

[Event "BL 8990 Delmenhorst-Porz"]
[Site "?"]
[Date "1990.??.??"]
[Round "?.3"]
[White "Miles, A."]
[Black "Hermann, Man"]
[Result "1/2-1/2"]
[WhiteElo "2580"]
[BlackElo "2360"]
[PlyCount "105"]
[EventDate "1990.??.??"]

1. d4 d5 2. c4 c6 3. Bf4 dxc4 4. e3 Bf5 5. Bxc4 e6 6. Nc3 Nf6 7. Nf3 Be7 8. O-O
O-O 9. Qe2 Nbd7 10. e4 Bg4 11. Rfd1 Qa5 12. h3 Bxf3 13. Qxf3 e5 14. Be3 exd4
15. Bxd4 Ne5 16. Qe2 Rad8 17. Bb3 Rfe8 18. Qe3 Nfd7 19. a3 Ng6 20. Qf3 Nde5 21.
Qf5 Bf6 22. g3 Qc7 23. Rac1 Qe7 24. Bxa7 Nd3 25. Rc2 Nxb2 26. Rxd8 Rxd8 27. Bb6
Re8 28. Nb5 Nd3 29. Qh5 Be5 30. Qe2 Ndf4 31. gxf4 Nxf4 32. Qf3 cxb5 33. Be3 Qh4
34. Rc5 Bd6 35. Bxf7+ Kxf7 36. Rf5+ Kg8 37. Bxf4 Bxf4 38. Rxf4 Qg5+ 39. Rg4
Qc1+ 40. Kg2 Qb2 41. Qf5 Qxa3 42. Qxb5 Rf8 43. Qd5+ Kh8 44. Rg3 Qe7 45. Rf3
Rxf3 46. Kxf3 g6 47. e5 Kg7 48. Ke2 g5 49. h4 h6 50. h5 Qf7 51. e6 Qxh5+ 52.
Kd2 Kf6 53. Qxb7 1/2-1/2

[Event "BL 8990 Delmenhorst-Porz"]
[Site "?"]
[Date "1990.??.??"]
[Round "?.4"]
[White "Borik, O."]
[Black "Fleck, J."]
[Result "1-0"]
[WhiteElo "2355"]
[BlackElo "2415"]
[PlyCount "65"]
[EventDate "1990.??.??"]

1. d4 f5 2. g3 Nf6 3. Bg2 g6 4. c3 Bg7 5. Bg5 c6 6. Nd2 O-O 7. Nh3 Na6 8. Nf4
Qe8 9. O-O d6 10. Nd3 Be6 11. Re1 Qf7 12. Nf4 Bd7 13. Qb3 Qxb3 14. axb3 e5 15.
dxe5 dxe5 16. Nd3 h6 17. Bxf6 Bxf6 18. e4 Rad8 19. Nc4 Be6 20. Ndxe5 Nc5 21.
exf5 Bxf5 22. Rxa7 Rfe8 23. f4 g5 24. Rf1 gxf4 25. gxf4 Re7 26. Ra5 Nxb3 27.
Nxc6 Nxa5 28. Nxe7+ Bxe7 29. Nxa5 b6 30. Nc6 Bc5+ 31. Kh1 Rd2 32. b4 Be3 33.
Ne7+ 1-0

[Event "BL 8990 Delmenhorst-Porz"]
[Site "?"]
[Date "1990.??.??"]
[Round "?.5"]
[White "Lutz, C."]
[Black "Schlemermeyer, W."]
[Result "0-1"]
[WhiteElo "2410"]
[BlackElo "2385"]
[PlyCount "102"]
[EventDate "1990.??.??"]

1. d4 Nf6 2. c4 g6 3. Nc3 d5 4. Nf3 Bg7 5. e3 O-O 6. cxd5 Nxd5 7. Bc4 Nxc3 8.
bxc3 c5 9. O-O Qc7 10. Qe2 b6 11. Rd1 Nc6 12. h3 Rd8 13. Bd2 a6 14. d5 Na5 15.
e4 Nxc4 16. Qxc4 h6 17. Be3 Bd7 18. a4 Rdc8 19. e5 e6 20. d6 Qd8 21. Qf4 a5 22.
Nh2 g5 23. Qg3 f5 24. exf6 Qxf6 25. Ng4 Qf5 26. Bd2 e5 27. c4 Re8 28. Bc3 Re6
29. Rd5 Bc6 30. Rd2 Rd8 31. Ne3 Qf4 32. d7 Qxg3 33. fxg3 Rxd7 34. Rxd7 Bxd7 35.
Nd5 e4 36. Bxg7 Kxg7 37. Kf2 Kg6 38. Ke3 Kf5 39. g4+ Ke5 40. Rb1 Bxa4 41. Nxb6
Bc6 42. Ra1 Rd6 43. Rxa5 Rd3+ 44. Ke2 Kd4 45. Nc8 e3 46. Ne7 Rd2+ 47. Ke1 Be4
48. g3 Bf3 49. Nf5+ Ke4 50. Ra1 Rh2 51. Nxe3 Kxe3 0-1

[Event "BL 8990 Delmenhorst-Porz"]
[Site "?"]
[Date "1990.??.??"]
[Round "?.6"]
[White "Breutigam, M."]
[Black "Schoen, W."]
[Result "1/2-1/2"]
[WhiteElo "2320"]
[BlackElo "2360"]
[PlyCount "98"]
[EventDate "1990.??.??"]

1. d4 Nf6 2. Nf3 g6 3. c4 Bg7 4. Nc3 d5 5. Bg5 Ne4 6. cxd5 Nxg5 7. Nxg5 e6 8.
Qd2 exd5 9. Qe3+ Kf8 10. Qf4 Bf6 11. h4 h6 12. Nf3 Be6 13. e3 Kg7 14. Bd3 c6
15. Qg3 Nd7 16. Ne2 h5 17. Ng5 Bxg5 18. hxg5 h4 19. Qf4 Rh5 20. g4 Rh8 21.
O-O-O Qe7 22. Rh3 a5 23. Rdh1 a4 24. a3 b5 25. Rxh4 Rxh4 26. Rxh4 Rh8 27. Rxh8
Kxh8 28. Qc7 b4 29. Qxc6 bxa3 30. Qxa4 axb2+ 31. Kxb2 Qxg5 32. Nf4 Qxg4 33. f3
Qxf3 34. Nxe6 Qxe3 35. Qxd7 Qxe6 36. Qc7 Kg8 37. Bc2 Kg7 38. Kb3 Qe3+ 39. Qc3
Qe6 40. Qc5 g5 41. Kb4 Qe1+ 42. Ka4 Qa1+ 43. Kb5 Qf1+ 44. Ka5 Qf3 45. Kb4 g4
46. Bb3 g3 47. Qxd5 Qf2 48. Qe5+ Kg8 49. Qg5+ Kf8 1/2-1/2

[Event "BL 8990 Delmenhorst-Porz"]
[Site "?"]
[Date "1990.??.??"]
[Round "?.7"]
[White "Ostermeyer, P."]
[Black "Derikum, A."]
[Result "1/2-1/2"]
[WhiteElo "2465"]
[BlackElo "2285"]
[PlyCount "35"]
[EventDate "1990.??.??"]

1. e4 c6 2. d4 d5 3. exd5 cxd5 4. Bd3 Nc6 5. c3 g6 6. Nf3 Nh6 7. O-O Bg7 8. Re1
O-O 9. h3 Bf5 10. Bxh6 Bxh6 11. Bxf5 gxf5 12. Qd3 e6 13. Nbd2 Qf6 14. Ne5 Nxe5
15. dxe5 Qe7 16. Nf3 Rac8 17. g3 Kh8 18. Kh2 1/2-1/2

[Event "BL 8990 HSK-Koblenz"]
[Site "?"]
[Date "1990.??.??"]
[Round "?.1"]
[White "Garcia Palermo, C."]
[Black "Wahls, M."]
[Result "1-0"]
[WhiteElo "2465"]
[BlackElo "2535"]
[PlyCount "109"]
[EventDate "1990.??.??"]

1. c4 Nf6 2. Nc3 c5 3. Nf3 e6 4. d4 cxd4 5. Nxd4 a6 6. Bg5 d6 7. e3 Be7 8. Be2
O-O 9. O-O Bd7 10. Qd2 Qc7 11. Rfd1 Rd8 12. Nf5 exf5 13. Bxf6 Bxf6 14. Nd5 Qc5
15. b4 Qc6 16. Bf3 Qxc4 17. Rac1 Qh4 18. g3 Qh6 19. Nb6 Bc6 20. Bxc6 Nxc6 21.
Nxa8 Rxa8 22. Qxd6 Rf8 23. Qd7 Nxb4 24. Qxb7 Nxa2 25. Rc8 g6 26. Rd6 Be7 27.
Rxa6 Nb4 28. Raa8 Rxc8 29. Rxc8+ Bf8 30. Qxb4 Qg7 31. Qd4 h5 32. h4 Qh6 33. Kg2
Qh7 34. Qd5 Qg7 35. Rc7 Qf6 36. Rc6 Qg7 37. Qd4 Qh6 38. Kh2 Qh7 39. Kg1 Qh6 40.
Kg2 Qh7 41. Rc8 Qh6 42. Qd8 Qg7 43. Rb8 Qh6 44. Kf1 Qg7 45. Ke2 Qh6 46. Kd3 Qg7
47. Kc4 Qh6 48. Kd5 Qg7 49. Rc8 Qh6 50. Qe7 Qg7 51. f4 Qh6 52. Kc6 Qg7 53. Kd7
Qh6 54. Qf6 Qh7 55. Ke8 1-0

[Event "BL 8990 HSK-Koblenz"]
[Site "?"]
[Date "1990.??.??"]
[Round "?.2"]
[White "Maus, So"]
[Black "Seul, G."]
[Result "1/2-1/2"]
[WhiteElo "2395"]
[BlackElo "2355"]
[PlyCount "79"]
[EventDate "1990.??.??"]

1. c4 g6 2. Nc3 Bg7 3. g3 e5 4. Bg2 d6 5. d3 Nc6 6. Rb1 f5 7. e3 Nf6 8. Nge2
O-O 9. O-O Be6 10. Nd5 Qd7 11. b4 a6 12. a4 Rab8 13. b5 axb5 14. axb5 Ne7 15.
Nec3 g5 16. f4 gxf4 17. exf4 Ng6 18. fxe5 dxe5 19. Nxf6+ Bxf6 20. Nd5 Bg7 21.
Ba3 Rf7 22. Kh1 Rd8 23. b6 c6 24. Nc7 Bf8 25. Bxf8 Rfxf8 26. Bh3 Qd6 27. Nxe6
Qxe6 28. Qe2 e4 29. Rbe1 Qe5 30. dxe4 f4 31. Qg4 fxg3 32. hxg3 Kg7 33. Rxf8
Rxf8 34. Rd1 Rf7 35. Rd7 Rxd7 36. Qxd7+ Kh6 37. Qd2+ Kg7 38. Qd7+ Kh6 39. Qd2+
Kg7 40. Qd7+ 1/2-1/2

[Event "BL 8990 HSK-Koblenz"]
[Site "?"]
[Date "1990.??.??"]
[Round "?.3"]
[White "Wolf, V."]
[Black "Reefschlaeger, H."]
[Result "0-1"]
[WhiteElo "2340"]
[BlackElo "2395"]
[PlyCount "136"]
[EventDate "1990.??.??"]

1. c4 g6 2. g3 Bg7 3. Bg2 Nf6 4. Nc3 O-O 5. d3 c6 6. e4 d6 7. Nge2 Bd7 8. O-O
Qc8 9. Bg5 Bh3 10. Qd2 Bxg2 11. Kxg2 Nbd7 12. Rac1 e5 13. f4 h6 14. fxe5 hxg5
15. exf6 Bxf6 16. Rf2 Qd8 17. Rcf1 Qe7 18. Qe3 Bg7 19. g4 Rae8 20. h3 Nb6 21.
b4 d5 22. c5 Nd7 23. Qd2 d4 24. Nb1 a5 25. a3 Ra8 26. Qb2 axb4 27. axb4 Ne5 28.
Qb3 b6 29. cxb6 Rab8 30. Nxd4 Qd6 31. Nc2 Qxd3 32. Qxd3 Nxd3 33. Rd2 Nf4+ 34.
Kf3 Rxb6 35. h4 Ne6 36. h5 c5 37. bxc5 Rb3+ 38. Kf2 Nxc5 39. Re2 Nd3+ 40. Kg1
Nf4 41. Rh2 Rc8 42. hxg6 fxg6 43. Kh1 Rd3 44. Nb4 Rd4 45. Nd5 Nxd5 46. exd5
Rxg4 47. d6 Be5 48. d7 Rd8 49. Rh3 Rxd7 50. Re1 Bf4 51. Nc3 Rh4 52. Rxh4 gxh4
53. Rd1 Ra7 54. Nd5 Bg3 55. Kg2 Kg7 56. Kh3 Ra3 57. Nb4 Bd6+ 58. Nd3 g5 59. Kg4
Kg6 60. Rd2 Ra4+ 61. Kh3 Kh5 62. Nf2 Bc5 63. Nd3 Rd4 64. Rd1 g4+ 65. Kg2 h3+
66. Kh1 Kh4 67. Nf2 Rxd1+ 68. Nxd1 Bd4 0-1

[Event "BL 8990 HSK-Koblenz"]
[Site "?"]
[Date "1990.??.??"]
[Round "?.4"]
[White "Wegner, H."]
[Black "Schulz, KJ."]
[Result "1-0"]
[WhiteElo "2365"]
[BlackElo "2350"]
[PlyCount "91"]
[EventDate "1990.??.??"]

1. d4 e6 2. c4 Bb4+ 3. Bd2 Qe7 4. Nf3 Nf6 5. g3 Nc6 6. Nc3 d5 7. a3 Bxc3 8.
Bxc3 Ne4 9. Qc2 O-O 10. Bg2 Nxc3 11. Qxc3 dxc4 12. Rc1 Rb8 13. Qxc4 e5 14. d5
e4 15. Nd2 e3 16. fxe3 Ne5 17. Qxc7 Bd7 18. Qc5 Qf6 19. Qd4 Rbc8 20. Rxc8 Rxc8
21. Nf3 Bh3 22. O-O Nxf3+ 23. Rxf3 Qxd4 24. exd4 Rc1+ 25. Kf2 Bxg2 26. Kxg2 Rd1
27. e3 Kf8 28. Rf2 Ke7 29. Kf3 Kd6 30. Ke4 f6 31. Rc2 g6 32. g4 Rg1 33. Kf3
Kxd5 34. Rc7 b6 35. Rxa7 Rf1+ 36. Ke2 Rb1 37. Rxh7 Rxb2+ 38. Kf3 Ra2 39. Rb7
Rxh2 40. Rxb6 Rh3+ 41. Ke2 f5 42. gxf5 gxf5 43. Rf6 Kc4 44. Rxf5 Rh2+ 45. Kf3
Kd3 46. Re5 1-0

[Event "BL 8990 HSK-Koblenz"]
[Site "?"]
[Date "1990.??.??"]
[Round "?.5"]
[White "Bayer, E."]
[Black "Michaelsen, N."]
[Result "1/2-1/2"]
[WhiteElo "2355"]
[BlackElo "2345"]
[PlyCount "32"]
[EventDate "1990.??.??"]

1. d4 Nf6 2. c4 g6 3. g3 c6 4. Bg2 d5 5. Nd2 Bg7 6. Ngf3 O-O 7. O-O Ne4 8. Qb3
a5 9. Rd1 a4 10. Qb4 a3 11. Nxe4 dxe4 12. Ng5 f5 13. c5 e6 14. bxa3 Na6 15. Qb3
Nc7 16. Rb1 Nd5 1/2-1/2

[Event "BL 8990 HSK-Koblenz"]
[Site "?"]
[Date "1990.??.??"]
[Round "?.6"]
[White "Mueller, Ka"]
[Black "Brueckner, T."]
[Result "1/2-1/2"]
[WhiteElo "2365"]
[BlackElo "2410"]
[PlyCount "35"]
[EventDate "1990.??.??"]

1. e4 e5 2. Nf3 Nc6 3. d4 exd4 4. Bc4 Nf6 5. e5 d5 6. Bb5 Ne4 7. Nxd4 Bc5 8.
Be3 Bxd4 9. Bxd4 O-O 10. Bxc6 bxc6 11. Nd2 Ng5 12. O-O Ne6 13. Nb3 Qg5 14. Kh1
Re8 15. f4 Qf5 16. Qd2 h5 17. Rae1 Rd8 18. Rf2 1/2-1/2

[Event "BL 8990 HSK-Koblenz"]
[Site "?"]
[Date "1990.??.??"]
[Round "?.7"]
[White "Doncevic, D."]
[Black "Sievers, S."]
[Result "1/2-1/2"]
[WhiteElo "2335"]
[BlackElo "2255"]
[PlyCount "58"]
[EventDate "1990.??.??"]

1. c4 c5 2. g3 g6 3. Bg2 Bg7 4. Nc3 Nc6 5. e4 Nf6 6. Nge2 O-O 7. d3 d6 8. O-O
Ne8 9. Be3 Nc7 10. d4 cxd4 11. Nxd4 Ne6 12. Nde2 Rb8 13. Qd2 a6 14. Bh6 Bxh6
15. Qxh6 b5 16. cxb5 axb5 17. f4 b4 18. Nd5 Ba6 19. Rae1 Nc7 20. Ne3 Bxe2 21.
Rxe2 Rb5 22. f5 Ne5 23. Rf4 f6 24. fxg6 hxg6 25. Ng4 g5 26. Nxe5 dxe5 27. Qg6+
Kh8 28. Qh6+ Kg8 29. Qg6+ Kh8 1/2-1/2

[Event "BL 8990 Zehlendorf-Delmenhorst"]
[Site "?"]
[Date "1990.??.??"]
[Round "?.1"]
[White "Armas, I."]
[Black "Tal, M."]
[Result "1/2-1/2"]
[WhiteElo "2480"]
[BlackElo "2585"]
[PlyCount "48"]
[EventDate "1990.??.??"]

1. e4 c6 2. d4 d5 3. Nd2 dxe4 4. Nxe4 Bf5 5. Ng3 Bg6 6. Nf3 Nd7 7. h4 h6 8. h5
Bh7 9. Bd3 Bxd3 10. Qxd3 Ngf6 11. Bd2 e6 12. O-O-O Be7 13. Ne4 Nxe4 14. Qxe4
Nf6 15. Qe2 Qd5 16. c4 Qe4 17. Qxe4 Nxe4 18. Be3 Bf6 19. Ne5 Rd8 20. f3 Nd6 21.
Bf2 Bxe5 22. dxe5 Nxc4 23. Rxd8+ Kxd8 24. Rd1+ Kc8 1/2-1/2

[Event "BL 8990 Zehlendorf-Delmenhorst"]
[Site "?"]
[Date "1990.??.??"]
[Round "?.2"]
[White "Hulak, K."]
[Black "Hausner, I."]
[Result "1/2-1/2"]
[WhiteElo "2550"]
[BlackElo "2440"]
[PlyCount "121"]
[EventDate "1990.??.??"]

1. d4 d6 2. Nf3 Bg4 3. e4 Nf6 4. Nc3 e6 5. h3 Bh5 6. Bd3 Be7 7. Be3 d5 8. a3
dxe4 9. Nxe4 Nbd7 10. Ng3 Bg6 11. Bxg6 hxg6 12. Qe2 c6 13. O-O Qc7 14. Bg5 Bd6
15. Ne4 Nxe4 16. Qxe4 Nf6 17. Qe2 Bf4 18. Bxf4 Qxf4 19. Rfe1 O-O 20. Rad1 Qc7
21. Rd3 Rad8 22. c4 Rd6 23. Red1 Rfd8 24. Qe5 R6d7 25. Qg5 Rd6 26. b4 a6 27.
Rc1 Qb8 28. a4 b5 29. Ne5 bxa4 30. Qd2 Nd7 31. Nf3 c5 32. Rb1 cxd4 33. Rxd4 Ne5
34. Rxd6 Nxf3+ 35. gxf3 Rxd6 36. Qc2 Rd4 37. b5 axb5 38. cxb5 Qb6 39. Qc6 Qxc6
40. bxc6 Rc4 41. Rb8+ Kh7 42. Ra8 g5 43. Kg2 Kg6 44. c7 Rxc7 45. Rxa4 e5 46.
Rg4 Kf6 47. Ra4 Kf5 48. Rb4 Rd7 49. Ra4 f6 50. Rb4 Re7 51. Ra4 e4 52. fxe4+
Rxe4 53. Ra7 Kg6 54. Rb7 Ra4 55. Rc7 Ra3 56. Rb7 Ra8 57. Rc7 Rf8 58. Ra7 Rf7
59. Ra4 Re7 60. Ra5 Rb7 61. Rc5 1/2-1/2

[Event "BL 8990 Zehlendorf-Delmenhorst"]
[Site "?"]
[Date "1990.??.??"]
[Round "?.3"]
[White "Hermann, Man"]
[Black "Wockenfuss, K."]
[Result "1/2-1/2"]
[WhiteElo "2360"]
[BlackElo "2405"]
[PlyCount "40"]
[EventDate "1990.??.??"]

1. e4 c5 2. c3 b6 3. d4 Bb7 4. Nd2 Nf6 5. e5 Nd5 6. dxc5 bxc5 7. Ngf3 Qc7 8.
Nc4 Nb6 9. Bf4 Nxc4 10. Bxc4 e6 11. O-O Be7 12. Re1 Nc6 13. Qe2 O-O 14. Rad1
Rad8 15. Ng5 h6 16. Nh3 d6 17. Bxh6 Nxe5 18. Bg5 Nxc4 19. Qxc4 e5 20. Bxe7 Qxe7
1/2-1/2

[Event "BL 8990 Zehlendorf-Delmenhorst"]
[Site "?"]
[Date "1990.??.??"]
[Round "?.4"]
[White "Cladouras, P."]
[Black "Borik, O."]
[Result "1-0"]
[WhiteElo "2425"]
[BlackElo "2355"]
[PlyCount "115"]
[EventDate "1990.??.??"]

1. e4 c5 2. Nf3 d6 3. d4 cxd4 4. Nxd4 Nf6 5. Nc3 Nc6 6. Bc4 e6 7. Be3 Be7 8.
Qe2 Bd7 9. O-O-O Rc8 10. f3 a6 11. g4 b5 12. Bb3 Na5 13. g5 Nh5 14. Rhg1 g6 15.
Qf2 Nc4 16. Bxc4 Rxc4 17. Kb1 O-O 18. Nce2 Ng7 19. h4 f5 20. gxf6 Bxf6 21. Qh2
Bxd4 22. Nxd4 e5 23. Nb3 Rxf3 24. Rxd6 Qc7 25. Qd2 Rf7 26. Bb6 Qc8 27. Rd1 Be8
28. Qd5 Qg4 29. Qxe5 Qxe4 30. Qxe4 Rxe4 31. Bd8 Nf5 32. Rxa6 Nxh4 33. a3 Rd7
34. Rxd7 Bxd7 35. Nc5 Re1+ 36. Ka2 Bf5 37. Bxh4 Rh1 38. Bf6 Bxc2 39. Ra7 Bf5
40. Re7 h5 41. Nd7 Bxd7 42. Rxd7 Kf8 43. Rb7 h4 44. Rxb5 Kf7 45. Bd8 h3 46.
Rb7+ Ke6 47. Rh7 Kf5 48. a4 g5 49. Rh5 Rd1 50. Rxg5+ Kf4 51. Rh5 Rxd8 52. Rxh3
Ke4 53. Rc3 Kd4 54. Ka3 Rb8 55. Rc7 Kd5 56. a5 Kd6 57. Rc3 Kd7 58. b4 1-0

[Event "BL 8990 Zehlendorf-Delmenhorst"]
[Site "?"]
[Date "1990.??.??"]
[Round "?.5"]
[White "Schlemermeyer, W."]
[Black "Loeffler, S."]
[Result "1-0"]
[WhiteElo "2385"]
[BlackElo "2305"]
[PlyCount "165"]
[EventDate "1990.??.??"]

1. d4 Nf6 2. c4 c5 3. d5 b5 4. Nf3 Bb7 5. a4 b4 6. Nbd2 d6 7. e4 g6 8. g3 Bg7
9. Bg2 e6 10. dxe6 fxe6 11. e5 dxe5 12. O-O Qd6 13. Qe2 Nc6 14. Nb3 O-O-O 15.
Be3 Nd4 16. Nfxd4 cxd4 17. c5 Ba6 18. cxd6 Bxe2 19. Rfc1+ Kd7 20. Rc7+ Kxd6 21.
Rac1 Rd7 22. R7c6+ Ke7 23. Bd2 Rb8 24. Nc5 Rd6 25. Rc7+ Kf8 26. Bg5 d3 27. Bh3
Re8 28. Bd2 e4 29. Rxa7 Re7 30. Ra8+ Kf7 31. a5 Rc6 32. a6 Nd5 33. Nxe4 Rxc1+
34. Bxc1 Bd4 35. Bh6 Ra7 36. Nd6+ Kf6 37. Rf8+ Ke7 38. Nc8+ Kd7 39. Nxa7 Bxa7
40. Rf7+ Ne7 41. Bd2 Bc5 42. a7 Bxa7 43. Bxb4 Bc5 44. Bd2 h5 45. Bf1 e5 46.
Bxe2 dxe2 47. Kg2 Ke6 48. Rxe7+ Bxe7 49. Kf3 g5 50. h3 Kd5 51. g4 hxg4+ 52.
hxg4 e4+ 53. Kxe2 Bd8 54. Kd1 Kc4 55. Kc2 Be7 56. Be3 Kb4 57. Bd2+ Kc4 58. Be3
Kb4 59. b3 Bf6 60. Bd2+ Kc5 61. Bc3 Bd8 62. Kd2 Kd5 63. Ke2 Be7 64. Ke3 Bc5+
65. Ke2 Be7 66. Ba5 Ke5 67. Bc7+ Kd5 68. Bb6 Kc6 69. Bd4 Kd6 70. Ba7 Kd5 71.
Ke3 Ba3 72. Bb6 Bd6 73. Bd8 Bf4+ 74. Ke2 Bc1 75. b4 Kc4 76. Be7 Bf4 77. Bc5 Bc7
78. Ke3 Kd5 79. Ba7 Bf4+ 80. Ke2 Be5 81. Be3 Bf6 82. b5 Kd6 83. Kd2 1-0

[Event "BL 8990 Zehlendorf-Delmenhorst"]
[Site "?"]
[Date "1990.??.??"]
[Round "?.6"]
[White "Vogel, R."]
[Black "Wesseln, K."]
[Result "0-1"]
[WhiteElo "2320"]
[BlackElo "2315"]
[PlyCount "72"]
[EventDate "1990.??.??"]

1. d4 Nf6 2. c4 c5 3. d5 e6 4. Nc3 exd5 5. cxd5 d6 6. e4 g6 7. f4 Bg7 8. Bb5+
Nfd7 9. Bd3 O-O 10. Nf3 a6 11. a4 Re8 12. O-O Nf6 13. h3 Nbd7 14. Be3 Rb8 15.
Bf2 b5 16. axb5 axb5 17. e5 dxe5 18. fxe5 Nxe5 19. Nxe5 Rxe5 20. Bg3 Nxd5 21.
Be4 Rxe4 22. Nxe4 Bd4+ 23. Kh1 Ne3 24. Qf3 Nxf1 25. Bxb8 Ne3 26. Bf4 Nf5 27.
Ra8 Kg7 28. Kh2 Qe8 29. Nc3 Qe1 30. Ne2 Nh4 31. Qe4 Bg1+ 32. Kh1 Be3+ 33. Kh2
Bxf4+ 34. Qxf4 Qxe2 35. Qg3 Bb7 36. Ra7 Nf3+ 0-1

[Event "BL 8990 Zehlendorf-Delmenhorst"]
[Site "?"]
[Date "1990.??.??"]
[Round "?.7"]
[White "Breutigam, M."]
[Black "Lehmann, H."]
[Result "1-0"]
[WhiteElo "2320"]
[BlackElo "2280"]
[PlyCount "95"]
[EventDate "1990.??.??"]

1. d4 Nf6 2. c4 g6 3. Nc3 d5 4. Nf3 Bg7 5. Bg5 dxc4 6. e4 c5 7. d5 b5 8. d6 Bb7
9. e5 Ne4 10. Bxe7 Nxc3 11. bxc3 Qa5 12. Rc1 Nc6 13. Qd5 Qb6 14. Ng5 Nxe5 15.
Qd2 h6 16. f4 hxg5 17. fxe5 Qc6 18. Kf2 Qd5 19. Qxd5 Bxd5 20. Bxg5 Kd7 21. Rd1
Be6 22. Bf4 g5 23. Bg3 a5 24. Be2 b4 25. Rhe1 Rab8 26. Bf1 a4 27. Re4 bxc3 28.
Bxc4 Rb2+ 29. Kf3 g4+ 30. Ke3 Rxg2 31. Bb5+ Kc8 32. Rxa4 Kb7 33. Bd3 Rb2 34.
Rc1 Rb4 35. Rxb4+ cxb4 36. Rb1 b3 37. axb3 Bh6+ 38. Ke2 Rc8 39. Kd1 Be3 40. Kc2
Kb6 41. Ra1 Bc5 42. Ra4 Bg1 43. b4 Rh8 44. Ra6+ Kb7 45. b5 Bd5 46. Kxc3 Bxh2
47. Bxh2 Rxh2 48. d7 1-0

[Event "BL 8990 Zehlendorf-Delmenhorst"]
[Site "?"]
[Date "1990.??.??"]
[Round "?.8"]
[White "Lieb, H."]
[Black "Ditt, E."]
[Result "1-0"]
[WhiteElo "2250"]
[BlackElo "2310"]
[PlyCount "101"]
[EventDate "1990.??.??"]

1. d4 g6 2. c4 Bg7 3. Nf3 f5 4. g3 Nf6 5. Bg2 O-O 6. O-O d6 7. b3 c6 8. Bb2 a5
9. Nc3 Na6 10. Qd2 Nc7 11. a4 Ne6 12. e3 Qb6 13. Qc2 Nd8 14. Ba3 Nf7 15. h4 h6
16. c5 Qc7 17. cxd6 exd6 18. b4 axb4 19. Bxb4 Re8 20. a5 Be6 21. Na4 Nd5 22.
Bd2 Rad8 23. Rfc1 Qe7 24. Rab1 Nf6 25. Rb6 Bd5 26. Nc3 Bc4 27. Rcb1 Rd7 28. Bf1
Bxf1 29. Kxf1 Nd8 30. Bc1 Ng4 31. Ne2 Qf7 32. Nf4 d5 33. Nd3 Rde7 34. Qb2 g5
35. Kg2 gxh4 36. Nxh4 f4 37. Nxf4 Re4 38. Qe2 h5 39. Qf3 Bf6 40. Nfg6 Qg7 41.
R1b2 Bxh4 42. Nxh4 Rf8 43. Qd1 Nxe3+ 44. Bxe3 Rxh4 45. Bh6 Qxh6 46. gxh4 Ne6
47. R6b3 Nf4+ 48. Kf1 c5 49. Rg3+ Kh8 50. Rb6 Qh7 51. dxc5 1-0

[Event "BL 8990 Lasker-HSK"]
[Site "?"]
[Date "1990.??.??"]
[Round "?.1"]
[White "Wahls, M."]
[Black "Brunner, L."]
[Result "1/2-1/2"]
[WhiteElo "2535"]
[BlackElo "2505"]
[PlyCount "29"]
[EventDate "1990.??.??"]

1. e4 e6 2. d4 d5 3. Nd2 Nf6 4. e5 Nfd7 5. c3 c5 6. f4 Nc6 7. Ndf3 cxd4 8. cxd4
h5 9. Bd3 Nb6 10. Ne2 Bd7 11. O-O Be7 12. a3 a5 13. b3 Rc8 14. Bb2 g6 15. Nc3
1/2-1/2

[Event "BL 8990 Lasker-HSK"]
[Site "?"]
[Date "1990.??.??"]
[Round "?.2"]
[White "Fries Nielsen, J."]
[Black "Maus, So"]
[Result "0-1"]
[WhiteElo "2425"]
[BlackElo "2395"]
[PlyCount "110"]
[EventDate "1990.??.??"]

1. e4 c5 2. Nf3 e6 3. b3 Nc6 4. Bb5 Qb6 5. Nc3 Nf6 6. Bb2 Be7 7. O-O O-O 8. e5
Nd5 9. a4 Nxc3 10. Bxc3 Rd8 11. Bd3 d5 12. exd6 Rxd6 13. a5 Qd8 14. Be4 Bf6 15.
Bxf6 Qxf6 16. Re1 Bd7 17. Qe2 Rb8 18. c3 b6 19. axb6 axb6 20. h4 g6 21. Bc2 h6
22. Qe3 Kg7 23. Ra4 e5 24. Ra6 Bg4 25. Be4 Ne7 26. Ra7 Rbd8 27. Rb7 R8d7 28.
Rb8 Re6 29. g3 Red6 30. Nh2 Be6 31. Re2 h5 32. Bc2 Bf5 33. Bxf5 Qxf5 34. Nf3 f6
35. d4 Nd5 36. Qe4 Nxc3 37. Qa8 Nxe2+ 38. Kf1 Qe6 39. dxe5 Nxg3+ 40. Kg2 Rd5
41. exf6+ Qxf6 42. Rg8+ Kh7 43. Ng5+ Rxg5 44. hxg5 Qe5 45. Re8 Qd5+ 46. Qxd5
Rxd5 47. Re7+ Kg8 48. fxg3 Rxg5 49. Kf3 b5 50. Rb7 c4 51. bxc4 bxc4 52. Rc7 Rg4
53. Kf2 Kf8 54. Ra7 Ke8 55. Kf3 Kd8 0-1

[Event "BL 8990 Lasker-HSK"]
[Site "?"]
[Date "1990.??.??"]
[Round "?.3"]
[White "Reefschlaeger, H."]
[Black "Muse, M."]
[Result "1/2-1/2"]
[WhiteElo "2395"]
[BlackElo "2415"]
[PlyCount "82"]
[EventDate "1990.??.??"]

1. e4 g6 2. d4 Bg7 3. g3 d5 4. exd5 Qxd5 5. Nf3 Bg4 6. Bg2 Nc6 7. c3 O-O-O 8.
O-O Qh5 9. Nbd2 e5 10. Qb3 Be6 11. Qa4 exd4 12. Ne4 dxc3 13. bxc3 Qa5 14. Qxa5
Nxa5 15. Bg5 Rd5 16. Nd4 Bd7 17. Be3 Nc4 18. Nd2 Nxe3 19. fxe3 Bxd4 20. cxd4
Rf5 21. Rfc1 Ne7 22. Nc4 Rf6 23. Rab1 Nc6 24. d5 Nd8 25. e4 Ra6 26. e5 Kb8 27.
Rb2 Re8 28. Bf1 Ra4 29. e6 Bc8 30. Ne5 Re4 31. Nd3 b6 32. Nc5 Re5 33. Bb5 Re7
34. Rd1 fxe6 35. dxe6 Nxe6 36. Nxe6 Bxe6 37. Bc6 Bc8 38. Rd8 R5e6 39. Rc2 Rd6
40. Rh8 a6 41. a4 Ka7 1/2-1/2

[Event "BL 8990 Lasker-HSK"]
[Site "?"]
[Date "1990.??.??"]
[Round "?.4"]
[White "Lehmann, K."]
[Black "Michaelsen, N."]
[Result "1/2-1/2"]
[WhiteElo "2305"]
[BlackElo "2345"]
[PlyCount "117"]
[EventDate "1990.??.??"]

1. e4 e5 2. Nc3 Nf6 3. Bc4 Nxe4 4. Qh5 Nd6 5. Qxe5+ Qe7 6. Qxe7+ Bxe7 7. Bb3
Nc6 8. Nf3 Nf5 9. Nd5 Bd8 10. c3 Nce7 11. Nxe7 Nxe7 12. O-O O-O 13. d4 d6 14.
h3 Bd7 15. Re1 h6 16. Bd2 a5 17. a4 Ng6 18. Nh2 Re8 19. Rxe8+ Bxe8 20. Nf1 Bd7
21. Re1 Kf8 22. Kh2 b5 23. Ra1 Rb8 24. Bd1 Bg5 25. Bxg5 hxg5 26. axb5 Bxb5 27.
Ne3 a4 28. Bxa4 Bxa4 29. Rxa4 Rxb2 30. Kg3 Nf4 31. Kf3 g6 32. Ra7 c5 33. d5 Nd3
34. Nc4 Rc2 35. Nxd6 Ne5+ 36. Kg3 Rxc3+ 37. f3 Rd3 38. Ra8+ Ke7 39. Ne4 Rxd5
40. Nxg5 c4 41. Ne4 f5 42. Nc3 Rd3 43. Kf4 Nxf3 44. gxf3 Rxc3 45. Ra6 Kf7 46.
Rc6 Rc1 47. Rc7+ Ke6 48. Rc6+ Kd5 49. Rxg6 c3 50. Rg8 Rf1 51. Rc8 Kd4 52. h4
Kd3 53. Kxf5 c2 54. Rxc2 Kxc2 55. h5 Kd3 56. h6 Rxf3+ 57. Kg6 Rh3 58. h7 Rxh7
59. Kxh7 1/2-1/2

[Event "BL 8990 Lasker-HSK"]
[Site "?"]
[Date "1990.??.??"]
[Round "?.5"]
[White "Mueller, Ka"]
[Black "Maxion, D."]
[Result "1/2-1/2"]
[WhiteElo "2365"]
[BlackElo "2210"]
[PlyCount "53"]
[EventDate "1990.??.??"]

1. e4 c5 2. Nf3 d6 3. d4 cxd4 4. Nxd4 Nf6 5. Nc3 Nc6 6. Bc4 e6 7. Be3 a6 8. Bb3
Qc7 9. f4 Be7 10. O-O O-O 11. f5 Nxd4 12. Bxd4 b5 13. a3 e5 14. Be3 Bb7 15. Qd3
Rac8 16. Rad1 h6 17. Bf2 Rfd8 18. Rd2 Qa5 19. Bd5 Bxd5 20. Nxd5 Nxd5 21. Qxd5
Qa4 22. Bb6 Rd7 23. c3 a5 24. Kh1 Qc4 25. Qxc4 Rxc4 26. Re1 Bd8 27. Bxd8
1/2-1/2